000 00279nam a22001097a 4500
008 160511b xxu||||| |||| 00| 0 eng d
020 _a089946033X
041 _aeng
080 _a316.77
245 _aSkill in nonverbal communication
_cEdited by Robert Rosenthal;
942 _2udc
_cBK
999 _c2034
_d2034